LEADER 01086nam0-2200361---450- 001 990000387460203316 010 $a3-8051-0688-2 035 $a0038746 035 $aUSA010038746 035 $a(ALEPH)000038746USA01 035 $a0038746 100 $a20010403e19971997km-y0itay0103----ba 101 $ager 102 $aDE 105 $a||||||||001yy 200 1 $aRömisches Pfandrecht$fvonJohann Jakob Bachofen 210 $aGoldbach$cKeip$dcopyr. 1997 215 $aXIV, 691 p.$d22 cm 225 2 $a100 Jahre Bürgerliches Gesetzbuch$iPandektenrecht$v64 300 $aRipr. facs. dell'ed. : Basel : Schweighauser, 1847 606 0 $aDiritto romano 676 $a340.54 700 1$aBACHOFEN,$bJohann Jakob$0143791 801 0$aIT$bsalbc$gISBD 912 $a990000387460203316 951 $aIG XVII AB 4/64$b28625 G.$cIG XVII AB$d00072144 959 $aBK 969 $aGIU 979 $aALESSANDRA$b40$c20010403$lUSA01$h1252 979 $c20020403$lUSA01$h1646 979 $aPATRY$b90$c20040406$lUSA01$h1627 996 $aRömisches Pfandrecht$9875820 997 $aUNISA